00353nam a2200109Ia 4500008004100000245011900041260003500160260000900195300001000204500001300214650001600227170224s9999 xx 000 0 und d aExamining the relations among pain tolerance, psychopathic traits, and violent and nonviolent antisocial behavior. bJournal of Abnormal Psychology c2014 a123:1 aFebruary xPsychology.